| 000 | 00441nam a2200181Ia 4500 | ||
|---|---|---|---|
| 001 | 11245 | ||
| 005 | 20260306161932.0 | ||
| 008 | 260306t1976||||xx |||||||||||||| ||spa|| | ||
| 041 | _aESP | ||
| 082 |
_a985.02 _bB27 |
||
| 100 |
_aBataillon, Marcel _eAUT |
||
| 245 | 0 | _aEl padre las casas y la defensa de los indios | |
| 260 | _c1976 | ||
| 300 |
_a318 páginas : _c18 cm. |
||
| 650 | _aGEN | ||
| 654 | _aCHU | ||
| 942 |
_cLIB _dJUS _fJUS _2ddc _n |
||
| 999 |
_c11245 _d11245 |
||